<?xml version="1.0" encoding="UTF-8"?>
<collection xmlns="http://www.loc.gov/MARC21/slim">
 <record>
  <leader>00774pamaa2200193   4500</leader>
  <controlfield tag="001">0000048719</controlfield>
  <controlfield tag="005">20121206090000.0</controlfield>
  <controlfield tag="008">110201                             eng  </controlfield>
  <datafield tag="020" ind1="0" ind2="0">
   <subfield code="a">1860942075 (pbk.) </subfield>
  </datafield>
  <datafield tag="090" ind1="0" ind2="0">
   <subfield code="a">T11 </subfield>
   <subfield code="b">HOL 1999</subfield>
  </datafield>
  <datafield tag="100" ind1="1" ind2="0">
   <subfield code="a">Holtom </subfield>
  </datafield>
  <datafield tag="245" ind1="1" ind2="0">
   <subfield code="a">Enjoy writing your science thesis or dissertation! : </subfield>
   <subfield code="b">a step by step guide to planning and writing dissertations and theses for undergraduate and graduate science students  </subfield>
   <subfield code="c">Daniel Holtom &amp; Elizabeth Fisher.</subfield>
  </datafield>
  <datafield tag="260" ind1="0" ind2="0">
   <subfield code="a">London : Imperial College Press ; River Edge, NJ: </subfield>
   <subfield code="b">Distributed by World Scientific Pub,, </subfield>
   <subfield code="c">1999.</subfield>
  </datafield>
  <datafield tag="300" ind1=" " ind2=" ">
   <subfield code="a">xvi, 278 p.: </subfield>
   <subfield code="b">ill.; </subfield>
   <subfield code="c">23 cm.</subfield>
  </datafield>
  <datafield tag="501" ind1="0" ind2="0">
   <subfield code="a">FAS</subfield>
  </datafield>
  <datafield tag="650" ind1="0" ind2="0">
   <subfield code="a">Technical writing </subfield>
  </datafield>
  <datafield tag="650" ind1="0" ind2="0">
   <subfield code="a">Dissertations, Academic </subfield>
  </datafield>
  <datafield tag="700" ind1="1" ind2="1">
   <subfield code="a">Fisher, </subfield>
   <subfield code="h">Elizabeth </subfield>
  </datafield>
  <datafield tag="901" ind1=" " ind2=" ">
   <subfield code="u">www.icpress.co.uk</subfield>
  </datafield>
 </record>
</collection>
